Comori pe pergament şi hârtie
| Titel: | Comori pe pergament şi hârtie : mărturii ale scrierii la Mediaş înainte de 1600 : expoziţie = Schätze auf Pergament und Papier. Zeugnisse der Schriftlichkeit in Mediasch vor 1600 (Muzeul Municipal Mediaş-Munizipalmuseum Mediasch, 10.08.-29.09.2024) / conception & texts: Adinel Dincă, Hansotto Drotloff, Konrad Gündisch, Viorel Ştefu |
|---|---|
| Verfasser: | ; ; ; |
| Veröffentlicht: | Mediaş : Muzeul Municipal Mediaş, 2024 |
| Umfang: | [20] Seiten : Illustrationen |
| Format: | Buch |
| Sprache: | Rumänisch; Deutsch |
X
alg: 54078433 001A $03004:18-12-25 001B $03004:12-01-26 $t11:11:26.000 001D $03004:18-12-25 001U $0utf8 001X $00 002@ $0Aau 002C $aText $btxt $2rdacontent 002D $aohne Hilfsmittel zu benutzen $bn $2rdamedia 002E $aBand $bnc $2rdacarrier 003@ $0540784338 003O $01564158171 $aOCoLC 007A $01943378150 $aKXP 010@ $arum $ager 010E $erda 011@ $a2024 $n2024 013D $RKatalog $#Exhibition catalogs $#Expositions $#Cataloghi di esposizioni $#Ausstellungskatalog $74135467-9 $8Ausstellungskatalog [Tsz] $9085499846 021A $aComori pe pergament şi hârtie $dmărturii ale scrierii la Mediaş înainte de 1600 : expoziţie $fSchätze auf Pergament und Papier. Zeugnisse der Schriftlichkeit in Mediasch vor 1600 (Muzeul Municipal Mediaş-Munizipalmuseum Mediasch, 10.08.-29.09.2024) $hconception & texts: Adinel Dincă, Hansotto Drotloff, Konrad Gündisch, Viorel Ştefu 028C $BVerfasser $#Dincă, Adinel Ciprian $#Dincă, Adinel $#Dincă, Adinel C. $4aut $7116304346X $8Dincă, Adinel-Ciprian$Z1976- [Tp3] $9433820497 028C $BVerfasser $4aut $8Drotloff, Hansotto$Z1953- [Tp3] $9510353657 028C $BVerfasser $#Gündisch, Konrad G. $#Gündisch, K. $#Gündisch, Konrad G. $4aut $7128632720 $8Gündisch, Konrad$Z1948- [Tp1] $9159103231 028C $BVerfasser $4aut $71163050628 $8Ştefu, Viorel$Z1959- [Tp3] $9433822554 033A $pMediaş $nMuzeul Municipal Mediaş 034D $a[20] Seiten 034M $aIllustrationen 044K $RMedgyes $#Mediaş $#Medgyes Mediasch $#Medwisch $74100738-4 $8Mediasch [Tg1] $9085289183 044K $RRumänien $#Siebenbürgen $#Siebenbürgen $#Fürstentum Siebenbürgen $#Transsilvanien $#Transsylvanien $#Transilvania $#Transylvania $#Ardeal $#Erdély $#Siedmiogród $#Sedmohradsko $#Sedmihradsko $74054835-1 $8Siebenbürgen [Tg1] $9085152552 044K $RSchreiben $RSchriftliche Kommunikation $#Littérarité $#Literacy Schriftlichkeit $#Literalität Schriftlichkeit $#Schriftkultur $#Schriftliche Überlieferung $#Verschriftlichung $74077162-3 $8Schriftlichkeit [Ts1] $9085218553 044K $RHochdruck $RDruckwerk $#Printing $#Imprimerie $74008598-3 $8Buchdruck [Ts1] $9085015032 044K $RKulturphilosophie $RZivilisation $#Civilization $#Culture $#Civilisation $#Culture $#Cultura $#Civilización $#Kultur $#Kultur $#kulturelle Faktoren $74125698-0 $8Kultur [Tsz] $9085424803 045F $a002.094980903 $eDDC23BSB 045F/01 $a002.09 045F/03 $f0902 045F/03 $f0903 045F/03 $f0904 045F/03 $g498 045R $aGeschichte lok: 54078433 24 exp: 54078433 24 1 #EPN 201B/01 $019-02-26 $t09:05:22.000 201C/01 $018-12-25 201U/01 $0utf8 203@/01 $01329711424 208@/01 $a18-12-25 $bz 209A/01 $aS 39884 $du $f050 $hS 39884 $x00 209C/01 $a25.06988 G $h25 06988 G 209G/01 $a75139357 $x00 220C/01 $awei 247C/01 $8358050-7Marburg, Bibliothek des Herder-Instituts Marburg $9102600961
| LEADER | 00000cam a2200000 c 4500 | ||
|---|---|---|---|
| 001 | 540784338 | ||
| 003 | DE-603 | ||
| 005 | 20260112111126.0 | ||
| 007 | tu | ||
| 008 | 251218s2024 xx |||| | u00||u|rum c | ||
| 035 | |a (DE-599)KXP1943378150 | ||
| 035 | |a (OCoLC)1564158171 | ||
| 040 | |a DE-603 |b ger |c DE-603 |d DE-603 |e rda | ||
| 041 | |a rum |a ger | ||
| 082 | 0 | 4 | |8 1\u |a 002.094980903 |q DE-101 |2 23/BSB |
| 085 | |8 1\u |b 002.09 | ||
| 085 | |8 1\u |z 1 |s 0902 | ||
| 085 | |8 1\u |z 1 |s 0903 | ||
| 085 | |8 1\u |z 1 |s 0904 | ||
| 085 | |8 1\u |z 2 |s 498 | ||
| 245 | 0 | 0 | |a Comori pe pergament şi hârtie |b mărturii ale scrierii la Mediaş înainte de 1600 : expoziţie = Schätze auf Pergament und Papier. Zeugnisse der Schriftlichkeit in Mediasch vor 1600 (Muzeul Municipal Mediaş-Munizipalmuseum Mediasch, 10.08.-29.09.2024) |c conception & texts: Adinel Dincă, Hansotto Drotloff, Konrad Gündisch, Viorel Ştefu |
| 264 | 1 | |a Mediaş |b Muzeul Municipal Mediaş |c 2024 | |
| 300 | |a [20] Seiten |b Illustrationen | ||
| 336 | |a Text |b txt |2 rdacontent | ||
| 337 | |a ohne Hilfsmittel zu benutzen |b n |2 rdamedia | ||
| 338 | |a Band |b nc |2 rdacarrier | ||
| 648 | 7 | |a Geschichte |2 gnd | |
| 650 | 7 | |a Schriftlichkeit |0 (DE-588)4077162-3 |0 (DE-603)085218553 |2 gnd | |
| 650 | 7 | |a Buchdruck |0 (DE-588)4008598-3 |0 (DE-603)085015032 |2 gnd | |
| 650 | 7 | |a Kultur |0 (DE-588)4125698-0 |0 (DE-603)085424803 |2 gnd | |
| 651 | 7 | |a Mediasch |0 (DE-588)4100738-4 |0 (DE-603)085289183 |2 gnd | |
| 651 | 7 | |a Siebenbürgen |0 (DE-588)4054835-1 |0 (DE-603)085152552 |2 gnd | |
| 655 | 7 | |a Ausstellungskatalog |2 gnd-content |0 (DE-588)4135467-9 |0 (DE-603)085499846 | |
| 700 | 1 | |a Dincă, Adinel-Ciprian |d 1976- |e Verfasser |4 aut |0 (DE-603)433820497 |0 (DE-588)116304346X |2 gnd | |
| 700 | 1 | |a Drotloff, Hansotto |d 1953- |e Verfasser |4 aut |0 (DE-603)510353657 |0 (DE-588)1298274060 |2 gnd | |
| 700 | 1 | |a Gündisch, Konrad |d 1948- |e Verfasser |4 aut |0 (DE-603)159103231 |0 (DE-588)128632720 |2 gnd | |
| 700 | 1 | |a Ştefu, Viorel |d 1959- |e Verfasser |4 aut |0 (DE-603)433822554 |0 (DE-588)1163050628 |2 gnd | |
| 924 | 0 | |9 Mb 50 |a (DE-603)1329711424 |b DE-Mb50 |c HES |d c |g S 39884 | |


